000
00290nam a22001337a 4500
008
180214b xxu||||| |||| 00| 0 eng d
020
_a
2901111346897
041
_a
eng
080
_a
341
100
_a
14
101
_a
SHJ
245
_a
Juvenile Deliquency
_c
Siegel ,L.J
942
_2
udc
_c
BK
999
_c
42463
_d
42463